1189 1232 1736 1338 1813 1748 1451 1572 1192 1967 1356 1922 1572 1505 1512 1612 1893 1876 1039 1446 1611 1980 1929 1314 1717 1733 1101 1801 1765 1298 1793 1978 1755 1315 1067 1646 1955 1740 1176 1005 1334 1966 1393 1108 1071 1434 1316 1550 1265 1865 1626 1010 1134 1465 1805 1204 1208 1574 1935 1759 1088 1870 1605 1474 1285 1203 1848 1492 1965 1294 1427 1908 1667 1236 1164 1608 1188 1656 1898 1665 1468 1093 1082 1299 1542 1817 1091 1604 1206 1360 1836 1623 1446 1818 1408 1527 1351 1192 1206 BCNSPRNW ULIB Ver.6.0+V

เปลี่ยนเป็นภาษาไทย

Change to English
 แสดงรายละเอียดบรรณานุกรม
  กลับหน้าหลัก

Brief Record : Get Marc (ISO 2709) : E-mail record : QR code < ปิดหน้าต่าง
LEADER : 00000nam 2200000uu 4500
001    13399111535
003     ULIB
008    110630s||||||||th 000 0 tha d
020    9749003608
050  4 BQ4570^bข251ธ 2548
100 0  ขวัญ เพียงหทัย
245 10 ธรรมะรอบกองไฟ /^cขวัญ เพียงหทัย, อนุรักษ์ จันทร์โพธิ์ศรี
250    พิมพ์ครั้งที่ 18
260    กรุงเทพฯ :^bเรือนธรรม,^c2548
300    223 หน้า ;^c21 ซม.
650  7 ธรรมะกับชีวิตประจำวัน
650  7 พุทธศาสนากับชีวิตประจำวัน
650  7 พุทธศาสนิกชน^xการดำเนินชีวิต
700 0  อนุรักษ์ จันทร์โพธิ์ศรี
945    ^p60^l0^i022912
995    ทศพร
999 ^a ใช้งานได้ทุกระบบ
รายการนี้ยังไม่มีแท็ก
คุณยังไม่ได้ล็อกอิน คุณสามารถมีกิจกรรมร่วมกับเว็บไซต์ได้ แต่ต้องล็อกอินก่อน ::
  ล็อกอิน

รายการสื่อสารสนเทศ

ลำดับที่ ประเภท เลขเรียก/บาร์โค้ด สถานที่ สถานะ
- ไม่พบข้อมูล -

รายการใกล้เคียง
    ผู้แต่ง [ขวัญ เพียงหทัย]

    หัวเรื่อง [ธรรมะกับชีวิตประจำวัน]
    หัวเรื่อง [พุทธศาสนากับชีวิตประจำวัน]

BibComment


ยังไม่เคยถูกคอมเมนท์

คอมเมนท์ทรัพยากรรายการนี้
  คอมเมนท์: ธรรมะรอบกองไฟ ขว..


 Copyright 2026. Bcnsprnw @Library